[Event "TCh-SWE Elitserien 2010-11"]
[Site "Sweden SWE"]
[Date "2011.01.15"]
[Round "6"]
[White "Norberg,Er"]
[Black "Aperia,J"]
[Result "1-0"]
[WhiteElo "2247"]
[BlackElo "2071"]

1.c4 c6 2.g3 d5 3.Bg2 Nf6 4.b3 dxc4 5.bxc4 Qd4 6.Nc3 Qxc4 7.Ba3 Qa6 8.Qb3 Qb6
9.Qa4 g6 10.Nf3 Bg7 11.O-O Qd8 12.d4 O-O 13.e4 Nbd7 14.Rad1 b5 15.Qc2 Nb6
16.d5 cxd5 17.exd5 Bb7 18.d6 exd6 19.Bxd6 Re8 20.Nxb5 Nfd5 21.Ba3 Ba6 22.Qb3 Qd7
23.Nd6 Bxf1 24.Bxf1 Re6 25.Bh3 f5 26.Rxd5 Nxd5 27.Qxd5 Re8 28.Bf1 Kh8 29.Bb5 Rxd6
30.Bxd6 Qe6 31.Qb7 Rd8 32.Ng5  1-0

[Event "49th TCh-DEN XtraCon 2010-11"]
[Site "Denmark DEN"]
[Date "2011.01.16"]
[Round "5.5"]
[White "Baekgaard,M"]
[Black "Pedersen,NicK"]
[Result "1/2-1/2"]
[WhiteElo "2263"]
[BlackElo "2161"]

1.c4 c6 2.g3 d5 3.Nf3 Nf6 4.Bg2 Bf5 5.cxd5 cxd5 6.Qb3 Qd7 7.Nc3 Nc6 8.d3 e6
9.O-O Be7 10.Bf4 O-O 11.e4 Bg4 12.exd5 Nxd5 13.Nxd5 exd5 14.Ne5 Nxe5 15.Bxe5 Be6
16.Rfc1 Rac8 17.d4 Rc6  1/2-1/2

[Event "B1 Masters"]
[Site "Marianske Lazne CZE"]
[Date "2011.01.16"]
[Round "2"]
[White "Mickiewicz,P"]
[Black "Dimitrijeski,B"]
[Result "1-0"]
[WhiteElo "2344"]
[BlackElo "2233"]

1.c4 c6 2.Nf3 d5 3.b3 Nf6 4.Bb2 Bf5 5.e3 e6 6.Be2 h6 7.O-O Be7 8.d3 O-O 9.Nbd2 a5
10.a3 Nbd7 11.Qc2 Bh7 12.Bc3 b5 13.cxb5 cxb5 14.b4 a4 15.Qb2 Qb6 16.Ne5 Nxe5
17.Bxe5 Rfc8 18.Rac1 Ne8 19.Rc3 Rxc3 20.Qxc3 f6 21.Bd4 Qb7 22.Rc1 e5 23.Bc5 Rc8
24.f4 Bd6 25.fxe5 Bxe5 26.Qc2 Bg6 27.Nf3 Nd6 28.Nxe5 fxe5 29.Qb2 Nf7 30.Bg4 Re8
31.Qd2 e4 32.d4 h5 33.Be2 Rc8 34.Rf1 Qd7 35.Qe1 Nd6 36.Qg3 Bf7 37.Bxd6  1-0

[Event "3rd Chennai Open"]
[Site "Chennai IND"]
[Date "2011.01.18"]
[Round "1"]
[White "Joshi,GB"]
[Black "Sundararajan,K"]
[Result "0-1"]
[WhiteElo "2288"]
[BlackElo "2449"]

1.c4 c6 2.e4 d5 3.exd5 cxd5 4.d4 Nf6 5.Nc3 e6 6.Nf3 Bb4 7.cxd5 Nxd5 8.Qc2 Nc6
9.Be2 O-O 10.O-O Re8 11.Rd1 Qb6 12.Bc4 Rd8 13.Be3 Bf8 14.Qb3 Qxb3 15.Bxb3 Nxe3
16.fxe3 Na5 17.Nd2 Nxb3 18.Nxb3 Bd7 19.Rac1 a5 20.Kf2 a4 21.Nc5 Bc6 22.a3 g6
23.Na2 e5 24.Nb4 exd4 25.exd4 Bd5 26.Rc2 b6 27.Nxd5 Rxd5 28.Ne4 Bg7 29.g3 Rad8
30.Kf3 h5 31.h4 b5 32.Rc7 Bxd4 33.Nc3 Rf5+ 34.Ke4 Re5+ 35.Kf4 Ree8 36.Rb7 Be5+
37.Kf3 Bxc3 38.Rxd8 Rxd8 39.bxc3 Rd3+ 40.Kf4 Rxc3 41.Rxb5 Rxa3 42.Ra5 Kf8
43.Ra7 Ke8 44.Ra8+ Ke7 45.Ra7+ Ke6 46.Ra6+ Kd5 47.Rf6 Ra1 48.Kg5 a3 49.Rxf7 Rg1
50.Kxg6 a2 51.Ra7 a1=Q  0-1

[Event "Marienbad Open"]
[Site "Marianske Lazne CZE"]
[Date "2011.01.18"]
[Round "4"]
[White "Dvirnyy,D"]
[Black "Snorek,M"]
[Result "1-0"]
[WhiteElo "2480"]
[BlackElo "2153"]

1.c4 c6 2.e4 d5 3.exd5 cxd5 4.d4 Nf6 5.Nc3 e6 6.Nf3 Be7 7.cxd5 exd5 8.Bd3 O-O
9.Ne5 Be6 10.O-O Nbd7 11.Re1 a6 12.Nf3 Re8 13.h3 Rc8 14.Bf4 b5 15.a4 b4 16.Ne2 Qb6
17.a5 Qb7 18.Ng3 g6 19.Ng5 Nf8 20.Nf3 N8d7 21.Nd2 Rc6 22.Nb3 Rec8 23.Qf3 Bf8
24.Bg5 Bg7 25.Qe3 Ne8 26.Bh6 Bxh6 27.Qxh6 Ng7 28.Re2 Qc7 29.Ree1 Qd8 30.Rec1 Rxc1+
31.Rxc1 Rxc1+ 32.Qxc1 Nb8 33.Qc5 f5 34.Ne2 Qf8 35.Qc7 Qc8 36.Qb6 g5 37.Nc5 Nd7
38.Qxa6 Nxc5 39.Qxc8+ Bxc8 40.dxc5 Kf8 41.Nd4 Ke7 42.Nc6+ Kd7 43.Nxb4 Bb7
44.Nc2 Kc7 45.Nd4  1-0

[Event "3rd Chennai Open"]
[Site "Chennai IND"]
[Date "2011.01.19"]
[Round "2"]
[White "Gagare,Shar"]
[Black "Debashis,D"]
[Result "0-1"]
[WhiteElo "2225"]
[BlackElo "2406"]

1.c4 c6 2.Nf3 d5 3.d4 Nf6 4.Qb3 e6 5.g3 Nbd7 6.Bg2 Be7 7.O-O O-O 8.Nc3 Nb6
9.cxd5 exd5 10.Bg5 h6 11.Bxf6 Bxf6 12.e3 g6 13.Nd2 Re8 14.Na4 h5 15.Nc5 h4
16.Qc3 Re7 17.b4 Bf5 18.a4 Nc8 19.b5 b6 20.Nd3 c5 21.Nf4 Rd7 22.a5 Rb8 23.axb6 axb6
24.Nf3 hxg3 25.hxg3 Ne7 26.Ne5 Rc7 27.Nc6 Nxc6 28.bxc6 Be4 29.Bxe4 dxe4 30.Qc4 Rxc6
31.Ra7 Qe8 32.Nxg6 cxd4 33.Qd5 Rd8 34.Qh5 d3 35.Kg2 Rc5 36.Qh2 Rd7 37.Rxd7 Qxd7
38.Nf4 Bg7 39.Rh1 d2 40.Qh7+ Kf8 41.Nh5 Qg4 42.Nxg7 Qf3+ 43.Kh2 Qxh1+ 44.Kxh1 d1=Q+
45.Kh2 Qg4 46.Qh8+ Ke7 47.Qh7 Rg5 48.Qh6 Rxg7 49.Qxb6 Rh7+  0-1

[Event "71st ch-ARM"]
[Site "Yerevan ARM"]
[Date "2011.01.22"]
[Round "5"]
[White "Andriasian,Z"]
[Black "Hovhannisyan,R"]
[Result "1/2-1/2"]
[WhiteElo "2585"]
[BlackElo "2530"]

1.c4 c6 2.e4 d5 3.exd5 Nf6 4.d4 cxd5 5.Nc3 e6 6.Nf3 Bb4 7.cxd5 Nxd5 8.Bd2 Nc6
9.Bd3 O-O 10.O-O Be7 11.a3 Bf6 12.Qc2 h6 13.Rad1 Bd7 14.h3 Nce7 15.Ne5 Rc8
16.Rfe1 Bc6 17.Qb1 Qb6 18.Ne4 Ba4 19.Nxf6+ Nxf6 20.Rc1 Rxc1 21.Rxc1 Qxd4
22.Bc3 Qd8 23.b3 Bc6 24.Rd1 Bd5 25.Qb2 Nc6 26.Nxc6 bxc6 27.Be2 Qe7 28.b4 Rd8
29.Rd3 Ne8 30.Bd4 f6 31.Bc5 Nd6 32.Qd4 Qf7 33.f3 Nf5 34.Qf2 Rd7 35.a4 e5
36.b5 cxb5 37.axb5 Rc7 38.Bxa7 Rxa7 39.Rxd5 Qxd5 40.Qxa7 Ng3 41.Kf2  1/2-1/2

[Event "TCh-BEL 2010-11"]
[Site "Liege BEL"]
[Date "2011.01.23"]
[Round "7.7"]
[White "Porteman,E"]
[Black "Philipowski,R"]
[Result "1/2-1/2"]
[WhiteElo "1940"]
[BlackElo "2257"]

1.c4 c6 2.Nf3 d5 3.g3 Nf6 4.Bg2 Bf5 5.b3 e6 6.Bb2 Be7 7.Nc3 O-O 8.Nh4 Be4
9.Nxe4 dxe4 10.Bf1 Ng4 11.Ng2 Nd7 12.h3 Nge5 13.Qc2 f5 14.O-O-O Bg5 15.Kb1 a5
16.d4 Nf7 17.h4 Bf6 18.Nf4 Re8 19.g4 Bxh4 20.gxf5 exf5 21.e3 Bf6 22.Bh3 Nh6
23.Rdg1 Qe7 24.Bf1 Kh8 25.Bh3 Qf7 26.Qd1 a4 27.Bf1 axb3 28.axb3 c5 29.Be2 Red8
30.Bh5 Qe7 31.Bg6 Nf8 32.Qh5 cxd4 33.Bxh7 Kxh7 34.Qxf5+ Kh8 35.Rg6 Ra6 36.exd4 Bxd4
37.Rxa6 bxa6 38.Nd5 Qe5 39.Qxe5 Bxe5 40.Bxe5 Kg8 41.Rg1 Ne6 42.Nf6+ Kf7 43.Nxe4 Nf5
44.Ng5+ Nxg5 45.Rxg5 g6 46.Kc2 Rd7 47.Rg1 Nh4 48.Ra1 Nf3 49.Bc3 Rd6 50.c5 Rc6
51.b4 Ng5 52.Kd3 Ke6 53.Kc4 Ne4 54.Be1 Nd6+ 55.Kd4 Nb5+ 56.Ke4 Nc7 57.Rd1 a5
58.Rd6+ Rxd6 59.cxd6 Kxd6 60.bxa5 Ne6 61.Bb4+ Kc6 62.Ke5 Ng5 63.f4 Nh3 64.Bd2 Kb5  1/2-1/2

[Event "Belgrade Individual 2011"]
[Site "Belgrade SRB"]
[Date "2011.01.24"]
[Round "3.12"]
[White "Cabrilo,G"]
[Black "Damjanovic,D"]
[Result "1-0"]
[WhiteElo "2446"]
[BlackElo "2272"]

1.c4 c6 2.Nf3 d5 3.Qa4 dxc4 4.Qxc4 b5 5.Qc2 Bb7 6.d4 e6 7.Nbd2 Nd7 8.Nb3 Qb6
9.Be3 Ngf6 10.Rc1 Nd5 11.Bd2 Nb4 12.Qb1 a5 13.a3 Nd5 14.Qc2 Be7 15.e4 N5f6
16.Bd3 h6 17.O-O O-O 18.Rfe1 Rfd8 19.Bf1 b4 20.a4 Rac8 21.Nc5 Nxc5 22.dxc5 Qa7
23.Bf4 Rd7 24.Bd6 Bxd6 25.cxd6 c5 26.e5 Nd5 27.Bb5 Rdd8 28.Nd2 Nb6 29.Nc4 Bd5
30.Nxb6 Qxb6 31.b3 Qb7 32.f3 Bc6 33.Bc4 Bd5 34.Rcd1 Rd7 35.Qd3 Qb6 36.Kh1 Bc6
37.h3 Rdd8 38.Qe3 Bb7 39.Rd2 Ba6 40.Qd3 Bb7 41.Qe3 Ba6 42.Rc1 Bb7 43.Kh2 Qa7
44.Rcd1 Kh7 45.Qf4 Kg8 46.Qe3 Kh7 47.f4 g6 48.Qf2 Ba6 49.Rc1 Bb7 50.Qh4 Bc6
51.Qf6 Rd7 52.Qh4 Rdd8 53.Rcc2 Qa8 54.d7 Rc7 55.Qe7 Kg8 56.Bxe6 fxe6 57.Qxe6+ Kh7
58.Qf7+ Kh8 59.e6 c4 60.e7  1-0

[Event "3rd Chennai Open"]
[Site "Chennai IND"]
[Date "2011.01.24"]
[Round "9"]
[White "Suresh,KT"]
[Black "Ankit,R"]
[Result "0-1"]
[WhiteElo "2204"]
[BlackElo "2362"]

1.c4 c6 2.Nf3 d5 3.cxd5 cxd5 4.g3 Nf6 5.Bg2 Nc6 6.O-O Bg4 7.d4 e6 8.Nc3 Bd6
9.Bf4 Bxf4 10.gxf4 Bxf3 11.Bxf3 Qb6 12.e3 Qxb2 13.Qd3 Qb6 14.Rab1 Qc7 15.Qb5 Rb8
16.Qc5 a6 17.Rfc1 Nd7 18.Qa3 Qd8 19.Bxd5 exd5 20.Nxd5 Nf6 21.Rxc6 Qxd5 22.Rc7 Nd7
23.e4 Qxe4 24.Rb3 Kd8 25.Qd6 Qg6+ 26.Qxg6 hxg6 27.Rbxb7 Rxb7 28.Rxb7 Re8
29.Ra7 Re6 30.Kg2 Rd6 31.Kf3 Kc8  0-1

[Event "71st ch-ARM"]
[Site "Yerevan ARM"]
[Date "2011.01.25"]
[Round "7"]
[White "Andriasian,Z"]
[Black "Petrosian,TL"]
[Result "1-0"]
[WhiteElo "2585"]
[BlackElo "2604"]

1.c4 c6 2.Nf3 Nf6 3.Nc3 d5 4.e3 g6 5.d4 Bg7 6.Be2 O-O 7.O-O Bg4 8.h3 Bxf3
9.Bxf3 dxc4 10.Qe2 Nbd7 11.Qxc4 e5 12.Rd1 Qe7 13.Qb3 Rab8 14.Bd2 Rfd8 15.Rac1 Nb6
16.dxe5 Qxe5 17.Be1 Rxd1 18.Rxd1 Nfd7 19.Na4 Nc5 20.Nxc5 Qxc5 21.Bb4 Qb5
22.Qa3 Ra8 23.b3 a5 24.Be7 Re8 25.Qc5 Qa6 26.Bd8 Nd5 27.Bxd5 cxd5 28.Bxa5 Qe2
29.Qxd5 Qxa2 30.Qb5 Ra8 31.b4 Qc2 32.Rd7 Qb1+ 33.Kh2 Rf8 34.Bc7 h5 35.Bd6 Rc8
36.Qd5 Qf5 37.Qxf5 gxf5 38.Rxb7 Rc2 39.Bg3 f4 40.exf4 Bd4 41.Rb5  1-0

[Event "Oceania Zonal"]
[Site "Rotorua NZL"]
[Date "2011.01.26"]
[Round "3.5"]
[White "Illingworth,M"]
[Black "Johnson,Q"]
[Result "1-0"]
[WhiteElo "2311"]
[BlackElo "2128"]

1.c4 c6 2.Nf3 d5 3.d4 e6 4.Qc2 f5 5.Bf4 Nf6 6.e3 Be7 7.h3 O-O 8.Nbd2 Ne4
9.a3 Bd7 10.Be2 Be8 11.Ne5 Nd7 12.O-O Ndf6 13.Nb3 Nh5 14.Bh2 Bg5 15.Qd1 g6
16.Nd2 Bh6 17.c5 f4 18.Nxe4 dxe4 19.Bxh5 gxh5 20.Bxf4 Bxf4 21.exf4 Rxf4 22.Qb3 Rf6
23.Rad1 Qe7 24.Rfe1 Bg6 25.Qg3 Kh8 26.Nxg6+ hxg6 27.Rxe4 Rd8 28.Rde1 Kg7
29.b4 Rd5 30.a4 a6 31.Qe3 Qd8 32.Rxe6 Rxd4 33.Re7+ Kf8 34.Qh6+  1-0

[Event "Frauenbundesliga 1st Div 2010-11"]
[Site "Germany GER"]
[Date "2011.01.29"]
[Round "6.4"]
[White "Pfau,B"]
[Black "Sedina,E"]
[Result "1/2-1/2"]
[WhiteElo "2106"]
[BlackElo "2332"]

1.c4 c6 2.Nf3 d5 3.b3 Nf6 4.Bb2 Bg4 5.e3 e6 6.Be2 Bd6 7.Ne5 Bxe2 8.Qxe2 Nbd7
9.f4 O-O 10.O-O Ne8 11.Qg4 f5 12.Qe2 Nef6 13.Rf3 a5 14.Rg3 a4 15.Nxd7 Qxd7
16.d3 Qe7 17.Nc3 a3 18.Bc1 e5 19.cxd5 exf4 20.exf4 Qxe2 21.Nxe2 Rae8 22.Kf1 Nxd5
23.Bd2 Re7 24.Rf3 Bc5 25.d4 Bd6 26.Nc3 Nb4 27.Rc1 Rfe8 28.g3 Kf7 29.h3 h5
30.Kf2 Nd5 31.Nxd5 Re2+ 32.Kf1 Rxd2 33.Ne3 Rxa2 34.Nxf5 Bb4 35.Ne3 Rh2 36.Kg1 Re2
37.Nc2 a2 38.Nxb4 Re1+ 39.Rf1 R1e3 40.Nxa2 Rxg3+ 41.Kh2 Rxb3 42.Rc2 Ree3
43.h4 Rh3+ 44.Kg1 Rxh4 45.Nc3 Rh3 46.Ne4 Rhe3 47.Ng5+ Kf6 48.Rc5 Rb2 49.d5 Rg3+
50.Kh1 Rgg2 51.Nf3 cxd5 52.Rxd5 Rg4 53.Rd4 Kf5 54.Rg1 Ra2 55.Rxg4 Kxg4 56.Nh2+ Kg3
57.Nf1+ Kf3 58.Nh2+ Kg3 59.Nf1+ Kf3 60.Nh2+ Ke3 61.Rb4 g6 62.Nf1+ Kf3 63.Nh2+ Kg3
64.Nf1+ Kf3 65.Nh2+ Kg3 66.Nf1+ Kg4 67.Nh2+ Kg3 68.Nf1+ Kf3 69.Nh2+ Kg3 70.Nf1+  1/2-1/2

[Event "Moscow Open D University Women"]
[Site "Moscow RUS"]
[Date "2011.01.29"]
[Round "1.2"]
[White "Bulatkhanova,B"]
[Black "Repina,V"]
[Result "0-1"]
[WhiteElo "1978"]
[BlackElo "2280"]

1.c4 c6 2.Nc3 d5 3.cxd5 cxd5 4.d4 Nf6 5.g3 e6 6.Bg2 Nc6 7.Nf3 Be7 8.O-O O-O
9.a3 Bd7 10.Qd3 Na5 11.Ne5 Rc8 12.e4 dxe4 13.Nxe4 Ba4 14.Nc3 Bb3 15.Re1 Nd5
16.Bd2 Nxc3 17.Bxc3 Bd5 18.Qb5 Bxg2 19.Kxg2 Nc6 20.Qxb7 Rc7 21.Qa6 Nxd4 22.Rad1 Qa8+
23.f3 Nf5 24.Rd3 h5 25.Red1 Bc5 26.Bd2 Bd4 27.Qa5 Rc5 28.Qb4 Rxe5 29.Rxd4 Re2+  0-1

[Event "Moscow Open F Women"]
[Site "Moscow RUS"]
[Date "2011.01.29"]
[Round "1.28"]
[White "Suslova,A"]
[Black "Rodionova,Daria"]
[Result "1-0"]
[WhiteElo "2180"]
[BlackElo "1856"]

1.c4 c6 2.e4 d5 3.exd5 cxd5 4.cxd5 Nf6 5.Qa4+ Nbd7 6.Nc3 g6 7.Nf3 Bg7 8.Bc4 O-O
9.d3 a6 10.Qa3 b6 11.O-O Bb7 12.Re1 b5 13.Bb3 Re8 14.Ng5 Nb6 15.d6 e6 16.Nce4 Nfd5
17.Qa5 Bc6 18.Rb1 Nc8 19.Qxd8 Rxd8 20.Bd2 Nxd6 21.Ba5 Rd7 22.Rbc1 Nb7 23.Bd2 Rc8
24.Rc2 h6 25.Nf3 Rdc7 26.Rec1 Bd7 27.Rxc7 Rxc7 28.Rxc7 Nxc7 29.Bc3 Bc6 30.Be5 Bxe5
31.Nxe5 Bd5 32.Nf6+ Kg7 33.Nxd5 Nxd5 34.Bxd5 exd5 35.b4 Kf6 36.Nc6 Ke6 37.f4 f6
38.Kf2 Kd7 39.Nd4 Nd6 40.Nb3 Kc6 41.g4 Nb7 42.Ke3 Nd8 43.Nd4+ Kd6 44.a3 Ne6
45.Nf3 Nf8 46.Nh4 Ke7 47.f5 gxf5 48.Nxf5+ Kf7 49.Nxh6+ Kg6 50.Nf5 Nd7 51.Kd4 Kg5
52.h3 Ne5 53.Ne3 Nf3+ 54.Kxd5 Ng1 55.Ke6 Nxh3 56.d4  1-0

[Event "Gibraltar Masters"]
[Site "Caleta ENG"]
[Date "2011.01.30"]
[Round "6.78"]
[White "Tozer,Philip A A"]
[Black "Georgieva,E"]
[Result "1-0"]
[WhiteElo "2140"]
[BlackElo "1907"]

1.c4 c6 2.g3 d5 3.Nf3 Nf6 4.Bg2 e6 5.O-O Nbd7 6.b3 Be7 7.Bb2 Qc7 8.Qc2 O-O
9.cxd5 exd5 10.d3 Re8 11.Nbd2 Nf8 12.e4 dxe4 13.dxe4 Be6 14.Nd4 Rad8 15.Nc4 Bxc4
16.Qxc4 Qb6 17.Nf5 Qb4 18.Nxe7+ Qxe7 19.Qc3 Ne6 20.Rad1 Rxd1 21.Rxd1 Rd8
22.Qe1 Rxd1 23.Qxd1 Qd7 24.Qxd7 Nxd7 25.Kf1 Kf8 26.f4 f6 27.Ke2 Ke7 28.Ke3 Kd6
29.h4 h6 30.h5 b6 31.Bf1 c5 32.Bc4 Nc7 33.g4 b5 34.Bg8 a5 35.g5 Ne8 36.Bf7 Nc7
37.gxh6 gxh6 38.Bg6 Ne6 39.Be8 Nef8 40.Kd3 Ne6 41.Ke3 Nef8 42.a4 b4 43.Bxd7 Nxd7
44.Kd3 Kc6 45.Bc1 f5 46.Bb2 fxe4+ 47.Kxe4 c4 48.bxc4 Nc5+ 49.Ke3 Nxa4 50.Bg7 b3
51.Kd2 Nc5 52.Bxh6 Ne4+ 53.Kd3 Nf6 54.f5 Nxh5 55.Bf8 a4 56.Kc3 Nf6 57.Bg7 Nd7
58.Bd4 Kd6 59.Kb4 Ke7 60.Kxa4 Kd6 61.Kxb3 Nb8 62.Kc3 Nc6 63.Kd3 Na5 64.Bg7 Nc6
65.Ke4 Kc5 66.f6 Nd8 67.Kd3 Nf7 68.Bf8+ Kc6 69.Ke4 Kd7 70.Kf5 Nd8 71.Ba3 Nf7
72.Be7 Nh8 73.c5 Nf7 74.Kg6 Ne5+ 75.Kg7  1-0

[Event "Moscow Open F Women"]
[Site "Moscow RUS"]
[Date "2011.01.30"]
[Round "2.22"]
[White "Trotsenko,E"]
[Black "Butuc,M"]
[Result "1/2-1/2"]
[WhiteElo "2001"]
[BlackElo "2188"]

1.c4 c6 2.Nc3 d5 3.e3 Nf6 4.d4 a6 5.Nf3 b5 6.cxd5 cxd5 7.Ne5 e6 8.a3 Nbd7
9.Nxd7 Qxd7 10.Be2 Bd6 11.O-O O-O 12.Bd2 Bb7 13.Na2 a5 14.Nc1 Rfc8 15.Nd3 Ne4
16.f3 Nxd2 17.Qxd2 Qc7 18.f4 Qc2 19.Rfd1 Qxd2 20.Rxd2 b4 21.axb4 axb4 22.Rxa8 Bxa8
23.Bd1 f6 24.Rc2 Rc4 25.b3 Rc6 26.Rxc6 Bxc6 27.g3 Be8 28.Kf2 Bg6 29.Be2 Be4
30.Ke1 h6 31.Kd2 g5 32.Nc5 Bxc5 33.dxc5 Kf7 34.Bb5 Ke7 35.Ba4 e5 36.fxe5 fxe5
37.Bc6 Ke6 38.Bb5 Bg2 39.Bc6 e4 40.Ke2 Bf3+ 41.Kd2 d4 42.Bb5 d3 43.Bc6 Ke5
44.Bd7 Kd5 45.c6 Kd6 46.Ke1 Bh5 47.Bf5 Bf3 48.Bd7 Bh5  1/2-1/2

[Event "Moscow Open F Women"]
[Site "Moscow RUS"]
[Date "2011.01.30"]
[Round "2.17"]
[White "Pershina,E"]
[Black "Baraeva,I"]
[Result "1-0"]
[WhiteElo "2053"]
[BlackElo "2201"]

1.c4 c6 2.e4 d5 3.exd5 cxd5 4.cxd5 Qxd5 5.Nc3 Qa5 6.Bc4 Nf6 7.Qb3 e6 8.Nf3 Nc6
9.d4 Be7 10.O-O O-O 11.h3 a6 12.d5 exd5 13.Nxd5 Nxd5 14.Bxd5 Nb4 15.Bc4 Bf5
16.Nd4 Bg6 17.a3 Nc6 18.Nxc6 bxc6 19.Bf4 Bf6 20.Rad1 Ra7 21.Bd6 Re8 22.f4 Rd7
23.Kh1 Qd8 24.f5 Bh5 25.g4 Rxd6 26.gxh5 Rf8 27.h6 g6 28.fxg6 hxg6 29.Bxa6 Rxd1
30.Rxd1 Qa5 31.Bc4 Qe5 32.Qd3 Kh7 33.Rg1 Rd8 34.Qc2 Qe7 35.b3 Rd4 36.Bd3 Qe3
37.Bxg6+ Kh8 38.Qf5 Qe5 39.Qxe5 Bxe5 40.Bxf7 Kh7 41.Rc1 Rd6 42.a4 Rxh6 43.Kg2 Rd6
44.Rc2 Kg7 45.Bc4 Rg6+ 46.Kf3 Rg3+ 47.Ke4 Bd6 48.Kf5 Rxh3 49.Rg2+ Kf8 50.Ke6 Bb4
51.Kd7 Rh7+ 52.Kxc6 Ke7 53.Kb5 Bc3 54.Rg5 Kd6 55.Rd5+ Kc7 56.Bd3  1-0

[Event "TCh-HUN 2010-11"]
[Site "Paks HUN"]
[Date "2011.01.30"]
[Round "5"]
[White "Fodor,T jr"]
[Black "Pataki,G"]
[Result "1-0"]
[WhiteElo "2451"]
[BlackElo "2343"]

1.c4 c6 2.e4 e5 3.Nf3 d6 4.d4 Bg4 5.d5 Be7 6.Be2 Bxf3 7.Bxf3 Bg5 8.Nd2 Nd7
9.O-O Ngf6 10.b3 O-O 11.Ba3 Qc7 12.Re1 a6 13.Nf1 c5 14.g3 b5 15.h4 Bh6 16.g4 Bf4
17.Bc1 bxc4 18.bxc4 Bxc1 19.Qxc1 Rfb8 20.Ng3 Nf8 21.h5 h6 22.g5 hxg5 23.Qxg5 N8h7
24.Qc1 Kf8 25.Kh2 Ne8 26.Nf5 Qd8 27.Rg1 Qf6 28.Rg3 Rb4 29.Qe3 Rab8 30.Rag1 Rb1
31.Bd1 R8b2 32.Ba4 Rxg1 33.Kxg1 Rb4 34.Bxe8 Kxe8 35.Rxg7 Nf8 36.Rg8 Rxc4
37.h6  1-0

[Event "ch-AZE"]
[Site "Baku AZE"]
[Date "2011.01.31"]
[Round "11.3"]
[White "Mirzoev,A"]
[Black "Mammadov,Z"]
[Result "1-0"]
[WhiteElo "2563"]
[BlackElo "2443"]

1.c4 c6 2.e4 d5 3.exd5 cxd5 4.cxd5 Qxd5 5.Nc3 Qd8 6.d4 Nf6 7.Nf3 e6 8.Bd3 Be7
9.O-O O-O 10.Re1 Nc6 11.a3 b6 12.Bg5 Bb7 13.Bb1 Qd6 14.Qd3 g6 15.Ba2 Rfd8
16.Rad1 a6 17.Qe2 Re8 18.d5 Nxd5 19.Nxd5 exd5 20.Bxd5 Qc7 21.Bxf7+ Kg7 22.Bxe8 Rxe8
23.Qe6 Bc8 24.Qc4  1-0

[Event "Moscow Open E"]
[Site "Moscow RUS"]
[Date "2011.01.31"]
[Round "3"]
[White "Khismatullin,D"]
[Black "Ghane,S"]
[Result "1-0"]
[WhiteElo "2649"]
[BlackElo "2398"]

1.c4 c6 2.e4 d5 3.exd5 cxd5 4.cxd5 Nf6 5.Nc3 Nxd5 6.Nf3 e6 7.d4 Nxc3 8.bxc3 Qc7
9.Bb2 Bd6 10.Bd3 Nd7 11.O-O O-O 12.c4 Rd8 13.Qe2 Nf8 14.Qe4 Bd7 15.Qg4 Ng6
16.Qh5 Bf4 17.Rfe1 Bc6 18.Ng5 Bxg5 19.Qxg5 Qf4 20.Qg3 Qxg3 21.hxg3 Ba4 22.Be4 Bc6
23.f3 Rd7 24.d5 exd5 25.cxd5 Bxd5 26.Rad1 Be6 27.Rxd7 Bxd7 28.Rc1 Rc8 29.Bxb7 Rxc1+
30.Bxc1 h5 31.Kf2 Bb5 32.Be3 a6 33.Bd4 Ne7 34.Be4 Bc4 35.a3 f5 36.Bc2 g6
37.Bc5 Nd5 38.g4 hxg4 39.fxg4 fxg4 40.Kg3 Kf7 41.Kxg4 Nc7 42.Bd6 Ne6 43.Be5 Bd5
44.g3 Bc6 45.Bc3 Bd5 46.a4 Bc6 47.a5 Bd5 48.Be5 Bc6 49.Bd3 Bb7 50.Kh4 Nc5
51.Bc4+ Ne6 52.g4 Ke7 53.g5 Nc5 54.Kg3 Bc8 55.Bd4 Ne6 56.Bf6+ Ke8 57.Kf3 Bb7+
58.Ke3 Kf7 59.Kd2 Bc8 60.Kd3 Bb7 61.Ke3 Bc8 62.Ke4 Ke8 63.Kd5 Kd7 64.Ke5 Nf8
65.Bd3 Bb7 66.Bg7 Ne6 67.Bf6 Nf8 68.Bc4 Kc7 69.Be7 Nd7+ 70.Ke6 Bc8 71.Be2 Nb8+
72.Kf7 Bf5 73.Bb4 Nc6 74.Bc3 Kb7 75.Kf6 Nb8 76.Bf3+ Kc8 77.Ke7 Nd7 78.Bd4 Bd3
79.Bg4 Bb5 80.Be5 Bc6 81.Bf4 Bb5 82.Be6 Bc6 83.Bd6 Bb5 84.Kf7 Bd3 85.Kg7 Be4
86.Kf7 Bd3 87.Ke7 Bb5 88.Bh2 Ba4 89.Bc4 Nc5 90.Bd6 Bb3 91.Be2 Nb7 92.Bg4+  1-0

[Event "Moscow Open F Women"]
[Site "Moscow RUS"]
[Date "2011.01.31"]
[Round "3.9"]
[White "Pershina,E"]
[Black "Nakhbayeva,G"]
[Result "1-0"]
[WhiteElo "2053"]
[BlackElo "2209"]

1.c4 c6 2.e4 d5 3.exd5 cxd5 4.cxd5 Nf6 5.Nc3 Nxd5 6.Bc4 Nf6 7.Nf3 e6 8.d4 Be7
9.O-O O-O 10.Re1 Nc6 11.a3 b6 12.d5 exd5 13.Nxd5 Nxd5 14.Bxd5 Bb7 15.Bf4 Bf6
16.Rc1 Qd7 17.Rc2 Rad8 18.Rd2 Qf5 19.Bc7 Rc8 20.Bg3 Rcd8 21.Bc7 Rde8 22.h3 g6
23.Bxc6 Rxe1+ 24.Qxe1 Bxc6 25.Nd4 Qd7 26.Nxc6 Qxc7 27.Qe4 Kg7 28.Rc2 Qd7
29.g4 Re8 30.Qf3 a5 31.b4 a4 32.b5 Re1+ 33.Kg2 Rb1 34.Rc4 Rb3 35.Qe4 Rxb5
36.Rxa4 Qd1 37.Rb4 Rc5 38.Rc4 Rd5 39.a4 Rd2 40.Rb4 Re2 41.Qf3 Bh4 42.Rb2 Bxf2
43.Qxe2 Qg1+ 44.Kf3 Qg3+ 45.Ke4 Bc5 46.Ne5 Qg1 47.Nf3 Qa1 48.Qc2 Qf1 49.Qc3+ Kh6
50.g5+ Kh5 51.Qd3 Qa1 52.Qc2 Qa3 53.Qb3 Qa1 54.Rg2 Qf1 55.Qc2 Qa6 56.Ne5 f5+
57.gxf6 Qb7+ 58.Kf4  1-0

[Event "Gibraltar Masters"]
[Site "Caleta ENG"]
[Date "2011.02.01"]
[Round "8.1"]
[White "Ivanchuk,V"]
[Black "Roiz,M"]
[Result "1-0"]
[WhiteElo "2764"]
[BlackElo "2649"]

1.c4 c6 2.Nf3 d5 3.d4 Nf6 4.Nc3 e6 5.Qd3 Nbd7 6.g3 dxc4 7.Qxc4 Bd6 8.Bf4 Bxf4
9.gxf4 O-O 10.Bg2 Nb6 11.Qd3 Nbd5 12.e3 b6 13.Ne5 Bb7 14.Ne4 Qe7 15.O-O Rac8
16.Rac1 Nxe4 17.Bxe4 g6 18.a3 f6 19.Nf3 Nxf4 20.exf4 f5 21.Bxc6 Bxc6 22.Ne5 Bb7
23.Qe3 Rfd8 24.Rxc8 Rxc8 25.Rc1 Qd8 26.Rc3 Qd6 27.f3 Rxc3 28.Qxc3 Qd8 29.Kg2 Bd5
30.Kg3 Kf8 31.h4 Kg7 32.Qc2 Kf8 33.Qc1 Kg7 34.Qc3 Kg8 35.a4 a5 36.b4 axb4
37.Qxb4 Qc7 38.Qb5 Kf8 39.Qxb6 Qxb6 40.Nd7+ Ke7 41.Nxb6  1-0

[Event "Moscow Open D University Women"]
[Site "Moscow RUS"]
[Date "2011.02.01"]
[Round "4.7"]
[White "Grebennikova,T"]
[Black "Bulatkhanova,B"]
[Result "1-0"]
[WhiteElo "1981"]
[BlackElo "1978"]

1.c4 c6 2.Nf3 g6 3.g3 Bg7 4.Bg2 d5 5.cxd5 cxd5 6.O-O e5 7.d3 Ne7 8.Nc3 O-O
9.Re1 Nbc6 10.Qb3 h6 11.e4 Be6 12.Qd1 Rc8 13.a3 Qd7 14.b4 d4 15.Ne2 f5 16.Nd2 f4
17.gxf4 exf4 18.f3 g5 19.Nb3 b6 20.Bb2 a6 21.Rf1 Ng6 22.Rc1 Nh4 23.Rf2 g4
24.Bh1 gxf3 25.Bxf3 Bh3 26.Kh1 Nxf3 27.Rxf3 Qg4 28.Rf2 f3 29.Ng3 Bg2+ 30.Kg1 h5
31.Rfc2 h4 32.Rxg2 hxg3 33.Rxg3 f2+ 34.Kf1 Qh4 35.Qg4 Qxg4 36.Rxg4 Ne5 37.Rg2 Nxd3
38.Rxc8 Rxc8 39.Bxd4 Rc7 40.Rxg7+ Rxg7 41.Bxg7 Kxg7 42.Nd2 Kf6 43.Ke2 Ne5
44.Kxf2 Ng4+ 45.Kg3 Ne3 46.Kf4 Nc2 47.e5+ Ke6 48.Nb1 Nd4 49.Nd2 Nc2 50.h4 Nxa3
51.h5 Nb5 52.h6 Kf7 53.e6+ Kg6 54.e7 Nd6 55.Ke5 Ne8 56.Ne4 a5 57.h7 Kxh7
58.Nf6+ Kg7 59.Nxe8+ Kf7 60.Nd6+ Kxe7 61.b5  1-0

[Event "33rd Bulgarian Open"]
[Site "Plovdiv BUL"]
[Date "2011.02.01"]
[Round "3.20"]
[White "Giretti Kanev,J"]
[Black "Dimitrov,R"]
[Result "0-1"]
[WhiteElo "2185"]
[BlackElo "2409"]

1.c4 c6 2.Nf3 d5 3.d4 Nf6 4.cxd5 cxd5 5.Nc3 e6 6.Bg5 Be7 7.e3 O-O 8.Bd3 a6
9.Rc1 b5 10.Ne5 Bb7 11.O-O Nbd7 12.f4 Nb6 13.Qf3 b4 14.Qh3 Ne4 15.Bxe7 Qxe7
16.Ne2 Rac8 17.f5 exf5 18.Qxf5 f6 19.Nf3 Nc4 20.Bxc4 dxc4 21.Nf4 c3 22.b3 Nd2
23.Rfe1 Bxf3  0-1

[Event "Moscow Open F Women"]
[Site "Moscow RUS"]
[Date "2011.02.02"]
[Round "5.39"]
[White "Egorova,Ayyyna"]
[Black "Trapeznikova,D"]
[Result "1-0"]
[WhiteElo "1847"]
[BlackElo "1991"]

1.c4 c6 2.Nc3 Nf6 3.Nf3 d5 4.d4 e6 5.Bg5 h6 6.Bh4 dxc4 7.e3 b5 8.a4 Bb4 9.Nd2 Bxc3
10.bxc3 Bb7 11.Ne4 a5 12.Nc5 Qc8 13.Bg3 Nbd7 14.Qf3 Nd5 15.Ne4 Ke7 16.Nd6  1-0

[Event "Moscow Open E"]
[Site "Moscow RUS"]
[Date "2011.02.04"]
[Round "7"]
[White "Turov,M"]
[Black "Kornev,Alexei"]
[Result "1-0"]
[WhiteElo "2631"]
[BlackElo "2507"]

1.c4 c6 2.e4 d5 3.exd5 Nf6 4.Nc3 cxd5 5.d4 Nc6 6.Bf4 Bg4 7.f3 Be6 8.c5 g6
9.Bb5 Bg7 10.Nge2 O-O 11.O-O Bd7 12.a3 a6 13.Bd3 Bf5 14.Bxf5 gxf5 15.Qd2 Kh8
16.b4 e6 17.Bh6 Rg8 18.Bxg7+ Rxg7 19.Nf4 Nd7 20.Nce2 Qg5 21.a4 a5 22.b5 Nb4
23.Rad1 Rag8 24.Rf2 e5 25.dxe5 Nxc5 26.Ng3 Ne6 27.Ngh5 Nxf4 28.Nxf4 Qh4 29.Qd4 Qh6
30.Re2 Rc8 31.e6 Nc2 32.Qe5 fxe6 33.Nxe6 Re8 34.Rdd2  1-0

[Event "Schachbundesliga 2010-11"]
[Site "Mulheim GER"]
[Date "2011.02.04"]
[Round "7"]
[White "Siebrecht,S"]
[Black "Saltaev,M"]
[Result "0-1"]
[WhiteElo "2421"]
[BlackElo "2483"]

1.c4 c6 2.d4 d5 3.Nf3 Nf6 4.Qd3 g6 5.Nbd2 Bg7 6.e4 dxe4 7.Nxe4 O-O 8.Nxf6+ Bxf6
9.Be2 Bg4 10.Be3 Nd7 11.Qd2 Qc7 12.h3 Bxf3 13.Bxf3 Rfd8 14.O-O Nb6 15.Bf4 e5
16.Bg3 Qe7 17.Rfe1 Nxc4 18.Qc3 Rxd4 19.Qxd4 exd4 20.Rxe7 Bxe7 21.Rd1 Bf6
22.b3 Ne5 23.Bxe5 Bxe5 24.Kf1 Kf8 25.Ke2 Ke7 26.Kd3 Kd6 27.Re1 a5 28.Bd1 b5
29.g3 c5 30.Bf3 Ra6 31.Bd1 Rc6 32.f4 c4+ 33.Kd2 Bf6 34.Re8 Kc5 35.Bf3 Rc7
36.Rb8 c3+ 37.Kc2 Re7 38.a4 Re3 39.Rxb5+ Kd6 40.Rb6+ Ke7 41.Rb7+ Kf8 42.Bd5 d3+
43.Kd1 c2+ 44.Kd2 Bc3+  0-1

[Event "Orsha Masters"]
[Site "Orsha UKR"]
[Date "2011.02.04"]
[Round "9"]
[White "Mukhin,Pavel"]
[Black "Leinov,R"]
[Result "0-1"]
[WhiteElo "2227"]
[BlackElo "2177"]

1.c4 c6 2.Nf3 d5 3.e3 e6 4.Be2 f5 5.b3 Nf6 6.Bb2 Bd6 7.Qc2 O-O 8.O-O Qe7
9.Ne5 Nbd7 10.f4 Ne8 11.d3 a5 12.a3 Nxe5 13.fxe5 Bc5 14.d4 Bb6 15.c5 Bd8
16.Nc3 g5 17.Bc1 Ng7 18.Bd2 Bd7 19.Bd3 Be8 20.b4 Nh5 21.Ne2 Qg7 22.g4 axb4
23.gxh5 bxa3 24.Ng3 Qh6 25.Qd1 Kh8 26.Ra2 Ba5 27.Rxa3 Bxd2 28.Rxa8 Bxe3+
29.Kg2 f4 30.Bb1 Rg8 31.Rb8 Qg7 32.Qb3 Bxd4 33.Rxb7 Bd7 34.Nf5 exf5 35.Re1 Be3
36.e6 Qd4 37.Rd1 f3+ 38.Kf1 Qf4 39.exd7 Rd8 40.Qc2 Qg4 41.Qc3+ d4  0-1